| 000 | 00363nam a2200145Ia 4500 | ||
|---|---|---|---|
| 008 | 150301s2012 xx 000 0 und d | ||
| 082 |
_a617.643 _bS12L |
||
| 100 | _aLUDWIG, BJOERN | ||
| 245 | _aSELF LIGATING BRACKETS IN ORTHODONTICS | ||
| 250 | _a1ST | ||
| 260 |
_bTHIEME PUBLICATION _aUSA _c2012 |
||
| 300 | _a1-241 | ||
| 650 | _aORTHODONTICS | ||
| 942 |
_2ddc _cBK |
||
| 999 |
_c6963 _d6963 |
||